[Event "73rd RUS-ch Higher League 2020"]
[Site "Sochi"]
[Date "2020.10.11"]
[Round "4.21"]
[White "Bimiev, Ahmad"]
[Black "Pogosyan, Stefan"]
[Result "0-1"]
[WhiteElo "2252"]
[BlackElo "2442"]
[Annotator "TA"]
[PlyCount "158"]
[EventDate "2020.10.08"]
[EventType "swiss"]
[EventCountry "RUS"]
[SourceTitle "playchess.com"]
[Source "ChessBase"]
[SourceQuality "1"]

{[%evp 9,158,-42,-17,-31,-12,-16,0,0,0,0,0,0,34,35,31,31,35,33,34,29,37,17,33,16,30,28,32,31,36,14,17,13,16,-6,-6,-6,-6,-7,14,14,24,-52,-49,-143,-24,-21,-21,-114,-110,-114,-120,-108,-108,-114,-98,-105,-82,-234,-249,-279,-284,-313,-321,-279,-195,-260,-264,-364,-358,-406,-397,-422,-440,-433,-305,-322,-314,-327,-312,-427,-425,-397,-359,-382,-355,-367,-276,-718,-699,-715,-686,-680,-671,-660,-676,-672,-642,-709,-672,-733,-733,-1541,-1699,-1495,-1385,-1138,-695,-664,-662,-613,-613,-1342,-80,-1214,-1112,-792,-576,-506,-496,-739,-723,-1737,-1672,-29970,0,-591,0,-1630,-29963,-29957,-12685,-29974,-29975,-29972,-12847,-2755,0,-29963,-8442,-2344,-622,-29978,-29979,-29977,-29976,-29981,-29982,-29989,-12839,-29987,-29988]} 1. f4 e5 2. d3 exf4 3. Bxf4 d5 4. Nf3 Nf6 5. Qd2 {[#]} Nc6 $146 ({Predecessor:} 5... c5 6. e4 Nc6 7. Nc3 Be6 8. Be2 Be7 9. O-O O-O 10. e5 Ne8 11. Rae1 Nc7 {½-½ (19) Hort,V (2555)-Bronstein,D (2440) Amsterdam 1994}) 6. Nc3 {A02: Bird's Opening.} Bc5 (6... Nh5 {is interesting.} 7. d4 Bb4 8. e3 Nxf4 9. exf4 O-O) 7. e4 dxe4 (7... d4 {keeps more tension.} 8. Ne2 O-O 9. h3 Re8 10. g4 b5) 8. Nxe4 {The position is equal.} Nxe4 9. dxe4 Qxd2+ 10. Nxd2 Bd6 (10... Bg4 {feels hotter.} 11. h3 Be6 12. Bxc7 Nb4 13. Bd3 O-O) 11. Bxd6 cxd6 12. Nc4 Ke7 13. O-O-O Rd8 14. Ne3 Be6 15. Bc4 Rac8 16. Bd5 Nb4 17. Rd4 Nxd5 18. exd5 {aiming for Re4.} Bd7 19. Re1 {Black must now prevent Nc4+.} Kf8 20. Kd2 Re8 21. c3 b5 22. a4 bxa4 23. Nc4 Rb8 24. Rxe8+ Bxe8 $11 {[%mdl 4096] Endgame KRB-KRN} 25. Re4 (25. Kc2 $11) 25... f5 $15 26. Re6 ({Better is} 26. Rd4 $15) 26... Bf7 (26... Bb5 $1 $17 {[%cal Rb5c4]} 27. Nxd6 Bd7 {[%mdl 64] Discovered Attack}) 27. Rxd6 $11 Rb5 28. Rd8+ (28. g3 $11) 28... Ke7 $17 {White is now going downhill.} 29. Ra8 Bxd5 30. Rxa7+ Kf6 $1 31. Ne3 {next c4 is good for White.} Bxg2 $1 ({Inferior is} 31... Rxb2+ 32. Kc1 $16) 32. Ra6+ Kg5 $1 33. h4+ $2 (33. Kc1 $17 {was called for.} Be4 34. Rxa4) 33... Kh5 $19 34. Rxa4 Rxb2+ 35. Kc1 Rf2 36. Ra7 Kh6 ({Not} 36... Kxh4 37. Rxg7 Be4 38. Rxh7+ Kg3 39. Re7 $15) 37. Rf7 (37. c4 {keeps fighting.}) 37... Kg6 38. Rf8 Be4 39. Kd1 Rh2 40. c4 Rxh4 41. c5 Kg5 42. c6 Bxc6 43. Rxf5+ Kg6 44. Ra5 Be4 45. Ke2 Rf4 46. Nd1 Bf5 47. Ne3 Kg5 48. Ng2 $2 (48. Ra7 Kh6 49. Nd5 Re4+ 50. Kf3) 48... Re4+ 49. Kf3 g6 50. Ne3 Rf4+ 51. Kg3 h5 52. Rc5 h4+ 53. Kg2 Kh6 54. Kh2 Be4 55. Ra5 g5 56. Re5 Kg6 57. Re8 Kf7 58. Re5 Kf6 59. Re8 Kg6 60. Re6+ Kg7 $2 (60... Kh5 $19 {is more deadly. And now ...Bf3 would win.} 61. Re8 Bc6) 61. Re5 $2 {[%mdl 8192]} (61. Re7+ $17 Kf6 62. Re8) 61... Kh6 $1 62. Re6+ Bg6 63. Rd6 Kg7 64. Rd5 (64. Kg1 $142 Ra4 65. Rd7+ Kh6 66. Rd5) 64... Re4 65. Ng2 Kh6 66. Rd8 Kg7 (66... Re2 $142 67. Rd6 Kh5 68. Kg1 h3 69. Ne3 Rxe3 70. Kf2 h2 71. Kxe3 h1=Q 72. Kd4 g4 73. Kc5 g3 74. Rd8 Kg5 75. Rd7 g2 76. Rd5+ Bf5 77. Rd7 g1=Q+ 78. Kb5 Bxd7+ 79. Kc4 Qc1+ 80. Kd4 Qd2+ 81. Ke5 Qf4#) 67. Rd5 $1 Kh6 $2 ({Black should play} 67... Kf6 $19 68. Rd6+ Kg7 69. Rd5) 68. Kh3 $2 {[%mdl 8192]} (68. Rd8 $11 Re2 69. Rd4) 68... Bf7 69. Rd3 Bc4 70. Rd1 Kh5 71. Kh2 Be6 (71... Re2 $142 72. Rd6 Be6 73. Rd3 Bc8 74. Re3 Rb2 75. Re7 h3 {[%mdl 64] Pin} 76. Rh7+ Kg6 $1 {[%mdl 512]} 77. Rxh3 Bxh3 78. Kxh3 Re2 79. Kh2 Kf5 80. Kg1 Rxg2+ $1 {[%mdl 512]} 81. Kxg2 Kg4 82. Kh2 Kf3 83. Kh3 g4+ 84. Kh2 Kf2 85. Kh1 Kg3 86. Kg1 Kh3 87. Kf2 g3+ 88. Kf1 Kh2 89. Ke2 g2 90. Kd3 g1=Q 91. Kc4 Kg3 92. Kd5 Qb6 93. Kc4 Qc6+ 94. Kb3 Kf4 95. Ka3 Ke4 96. Kb3 Kd3 97. Kb2 Qb6+ 98. Ka3 Kc3 99. Ka4 Qb4#) 72. Rd3 Bc4 (72... g4 $19 73. Ne3 g3+ 74. Kg1 Ra4) 73. Rd1 $1 Be2 (73... Re2 $142 74. Rd6 Be6 75. Rd3 Bc8 76. Re3 {[#]} Rb2 $1 {[%mdl 512]} 77. Kg1 h3 78. Rc3 Bf5 79. Ne1 h2+ 80. Kh1 Be4+ 81. Ng2 Rxg2 82. Rh3+ Kg6 83. Rh6+ Kg7 84. Rh7+ Bxh7 85. Kxg2 g4 86. Kxh2 Kf6 87. Kg3 Kg5 88. Kg2 Kf4 89. Kg1 g3 90. Kf1 Bd3+ 91. Kg2 Kg4 92. Kh1 Kf3 93. Kg1 g2 94. Kh2 Kf2 95. Kh3 g1=Q 96. Kh4 Qg6 97. Kh3 Qh5#) 74. Ra1 Bf3 (74... Bg4 $142 75. Ra3 Re2) 75. Ne1 Re2+ 76. Kg1 Be4 77. Kf1 Rd2 78. Ra4 Bd5 (78... h3 $142 79. Ra3 g4 80. Ra5+ Kh4 81. Ra6 Kg3 82. Ra3+ Bf3 83. Nxf3 gxf3 84. Ke1 Re2+ 85. Kf1 Rf2+ 86. Ke1 h2 87. Rxf3+ Kxf3 88. Kd1 h1=Q#) 79. Ra5 h3 {Accuracy: White = 50%, Black = 75%.} 0-1

[Event "73rd RUS-ch Higher League 2020"]
[Site "Sochi"]
[Date "2020.10.11"]
[Round "4.22"]
[White "Saidov, Bilukhadzh"]
[Black "Kardashevskiy, Evgeny"]
[Result "1-0"]
[WhiteElo "2259"]
[BlackElo "2449"]
[Annotator "TA"]
[PlyCount "57"]
[EventDate "2020.10.08"]
[EventType "swiss"]
[EventCountry "RUS"]
[SourceTitle "playchess.com"]
[Source "ChessBase"]
[SourceQuality "1"]

{[%evp 17,57,-24,6,0,0,-39,-25,-35,-27,-60,-31,-45,-27,-12,44,0,58,75,112,25,35,29,28,38,56,0,169,160,161,166,231,234,229,228,6295,5975,1867,1450,29989,29990,5477,1377]} 1. d4 Nf6 2. Nf3 e6 3. c4 d5 4. Nc3 c6 5. Bg5 h6 6. Bh4 dxc4 7. e4 g5 8. Bg3 b5 9. Qc2 Bb7 10. Be2 {D43: Semi-Slav: 5 Bg5 h6.} Nbd7 11. O-O Nh5 12. Rad1 {Black has an edge.} Nxg3 13. fxg3 Qb6 14. Kh1 Bg7 15. e5 {[#]} O-O-O $146 (15... O-O $1 $11) ({Predecessor:} 15... O-O 16. b3 cxb3 17. axb3 c5 18. dxc5 Nxc5 19. Bxb5 Rac8 20. Nd2 a6 21. Nc4 Qc7 {½-½ (35) Bellatalla,E (2338)-Brindza,I (2287) ICCF corr 1998}) 16. Ne4 {aiming for Nd6+.} f5 (16... Bf8 $1 $11) 17. exf6 $14 Nxf6 18. Nc5 (18. Nxf6 $16 {Threatens to win with Qg6.} Bxf6 19. Qg6) 18... Rhe8 $1 $11 19. Qg6 Re7 20. Ne5 Rxd4 $1 {[#]} 21. Nxe6 $1 {[%mdl 512]} Rxe6 $2 (21... Rxd1 $11 22. Rxd1 Kb8) 22. Bg4 $1 $18 Rxg4 23. Nxg4 c5 (23... Kb8 {is a better defense.}) 24. Qxg7 Qc6 {[%csl Gb7][%cal Rc6g2]} 25. Rd2 $40 {[%cal Rg4f6][%mdl 128] White has strong attack.} Nxg4 $2 (25... Ne8 26. Qf7 a6 27. Nxh6 Kb8) 26. Rf8+ Re8 27. Qe7 {Intending Rd8+ and mate.} Kb8 28. Rxe8+ Bc8 {[#]} 29. Rxc8+ $1 {Accuracy: White = 64%, Black = 44%.} 1-0

[Event "73rd RUS-ch Higher League 2020"]
[Site "Sochi"]
[Date "2020.10.11"]
[Round "4.23"]
[White "Sarana, Alexey"]
[Black "Stukan, Martin"]
[Result "1/2-1/2"]
[WhiteElo "2657"]
[BlackElo "2316"]
[Annotator "TA"]
[PlyCount "153"]
[EventDate "2020.10.08"]
[EventType "swiss"]
[EventCountry "RUS"]
[SourceTitle "playchess.com"]
[Source "ChessBase"]
[SourceQuality "1"]

{[%evp 17,153,20,32,31,19,16,29,23,24,31,32,41,48,0,-4,-3,20,15,14,21,20,16,22,23,12,0,1,8,0,-30,-22,-53,-22,-72,-74,-102,-96,-99,-91,-91,-87,-91,-28,-28,-34,-33,-39,-27,-16,-22,-23,-34,0,0,0,0,0,0,3,4,4,3,4,4,5,4,5,5,8,8,8,5,11,0,5,5,43,43,43,43,43,43,43,43,43,43,43,43,43,43,43,43,43,43,43,25,25,24,24,23,24,23,23,16,25,25,25,25,25,24,24,0,25,25,25,24,25,25,25,24,25,25,25,24,25,24,24,12,12,12,12,12,12,12,12,12,13,13]} 1. e4 c5 2. Nf3 d6 3. d4 cxd4 4. Nxd4 Nf6 5. Nc3 a6 6. Be3 e5 7. Nb3 Be6 8. f3 h5 9. Qd2 Nbd7 {[%cal Bb8d7,Bd7b6,Bb6d5][%mdl 32]} 10. Nd5 {B90: Sicilian Najdorf: Unusual White 6th moves, 6 Be3 Ng4 and 6 Be3 e5.} Bxd5 11. exd5 g6 12. O-O-O {White has an edge.} Nb6 13. Kb1 $1 {13.Kb1 is better than 13.Qa5.} Nbxd5 14. Bg5 {Qxd5! is the strong threat.} Be7 15. Bd3 (15. Bc4 $14) 15... Qc7 $11 16. Rhe1 O-O-O 17. c4 Nf4 18. Bxf4 exf4 19. Qxf4 Rhe8 20. Rc1 Kb8 21. Re2 {[#]} d5 $146 ({Predecessor:} 21... Rc8 22. Rce1 d5 23. Qxc7+ Rxc7 24. Nd2 Ng8 25. cxd5 Rd8 26. Bc4 Bb4 27. Bb3 Nf6 {½-½ (41) Drygalov,A (2494)-Kokarev,D (2609) Yaroslavl 2019}) 22. Qxc7+ Kxc7 23. c5 Bf8 24. Rec2 Re3 25. Rd1 Rde8 26. a4 Re1 27. Rxe1 Rxe1+ 28. Ka2 Nd7 29. c6 Ne5 (29... bxc6 $17 {Threatens to win with ...Kb6.} 30. Bxa6 c5) 30. cxb7+ Kxb7 31. Be2 Nc6 {[#] aiming for ...Nb4+.} 32. Bxa6+ $1 Kb6 {Strongly threatening ...Nb4+.} 33. a5+ $1 Nxa5 34. Nxa5 Kxa5 {[%mdl 4096] Endgame KRB-KRB} 35. Bb7 d4 36. Rd2 Bh6 37. Rxd4 Re2 38. f4 Bg7 39. Rd7 Kb4 40. Kb1 Rxb2+ 41. Kc1 Rf2 42. Rxf7 Bd4 43. Kd1 h4 44. h3 Be3 45. Bf3 Rd2+ 46. Ke1 Rd4 47. f5 gxf5 48. Rxf5 Bf4 49. Bb7 Bd6 50. Ke2 Rf4 51. Rh5 Bc5 52. Bf3 Kc4 53. Rg5 Be7 54. Ra5 Bb4 55. Ra8 Kd4 56. Rd8+ Ke5 57. Kd3 Bd6 58. Rh8 Ra4 59. Rh5+ Kf6 60. Rh6+ Ke7 61. Bc6 Rb4 62. Bd5 Bg3 63. Bc4 Rb2 64. Bd5 Rb4 65. Re6+ Kf8 66. Re2 Rf4 67. Ra2 Ke7 68. Be4 Bf2 69. Ra6 Rf6 70. Ra5 Rf4 71. Rh5 Kf6 72. Ke2 Rxe4+ {The position is equal.} 73. Kxf2 Ra4 74. Rd5 Ra2+ 75. Kf3 Ra3+ 76. Kf4 Rg3 77. Rd6+ {Accuracy: White = 92%, Black = 94%.} 1/2-1/2

[Event "73rd RUS-ch Higher League 2020"]
[Site "Sochi"]
[Date "2020.10.11"]
[Round "4.24"]
[White "Rodin, Dmitrij"]
[Black "Rodchenkov, Vitaly"]
[Result "1/2-1/2"]
[WhiteElo "2388"]
[BlackElo "2321"]
[Annotator "RC"]
[PlyCount "119"]
[EventDate "2020.10.08"]
[EventType "swiss"]
[EventCountry "RUS"]
[SourceTitle "playchess.com"]
[Source "ChessBase"]
[SourceQuality "1"]
[TimeControl "40/5400+30:1800+30"]

1. e4 {[%emt 0:00:00]} d6 {[%emt 0:00:00]} 2. d4 {[%emt 0:00:00]} Nf6 {[%emt 0:00:00]} 3. Nc3 {[%emt 0:00:00]} e5 {[%emt 0:00:00]} 4. Nf3 {[%emt 0:00:00]} Nbd7 {[%emt 0:00:00]} 5. Bc4 {[%emt 0:01:42]} Be7 {[%emt 0:00:00]} 6. O-O {[%emt 0:00:06]} O-O {[%emt 0:00:00]} 7. Re1 {[%emt 0:02:15]} c6 {[%emt 0:00:15]} 8. a4 {[%emt 0:00:32]} a5 {[%emt 0:00:16]} 9. Ba2 {[%emt 0:03:06]} Qb6 {[%emt 0:06:43]} 10. Rb1 {[%emt 0:17:12]} exd4 {[%emt 0:07:10]} 11. Qxd4 {[%emt 0:05:29]} Qxd4 {[%emt 0:02:35]} 12. Nxd4 {[%emt 0:00:02]} Nc5 {[%emt 0:00:46]} 13. Bf4 {[%emt 0:01:41]} Nh5 {[%emt 0:09:38]} 14. Be3 {[%emt 0:01:42]} Re8 {[%emt 0:02:18]} 15. Rbd1 {[%emt 0:01:49]} Bf8 {[%emt 0:00:16]} 16. f3 {[%emt 0:00:33]} g6 {[%emt 0:00:37]} 17. Re2 {[%emt 0:21:59]} Nf6 {[%emt 0:05:54]} 18. Bf4 {[%emt 0:20:11]} Nfd7 {[%emt 0:01:43]} 19. Nb3 {[%emt 0:00:38]} Nxb3 {[%emt 0:00:39]} 20. Bxb3 {[%emt 0:00:01]} Ne5 {[%emt 0:00:11]} 21. Red2 {[%emt 0:00:23]} Be6 {[%emt 0:05:14]} 22. Bxe6 {[%emt 0:02:25]} Rxe6 {[%emt 0:00:08]} 23. b3 {[%emt 0:00:16]} f5 {[%emt 0:00:38]} 24. exf5 gxf5 {[%emt 0:00:08]} 25. Bg3 {[%emt 0:07:15]} Rae8 {[%emt 0:02:29]} 26. Kf1 {[%emt 0:00:11]} d5 {[%emt 0:03:32]} 27. Ne2 {[%emt 0:00:29]} Bh6 {[%emt 0:01:43]} 28. Bf4 {[%emt 0:01:00]} Kf7 {[%emt 0:03:07]} 29. h3 {[%emt 0:02:53]} Bxf4 {[%emt 0:02:17]} 30. Nxf4 {[%emt 0:00:01]} R6e7 {[%emt 0:00:02]} 31. Kf2 {[%emt 0:01:44]} Ng6 {[%emt 0:00:56]} 32. Nd3 {[%emt 0:06:51]} f4 {[%emt 0:00:49]} 33. c4 {[%emt 0:01:09]} Rg8 {[%emt 0:10:05]} 34. cxd5 {[%emt 0:01:53]} cxd5 {[%emt 0:00:02]} 35. Ne1 {[%emt 0:00:29]} Re3 {[%emt 0:01:10]} 36. Rxd5 {[%emt 0:00:32]} Rxb3 {[%emt 0:02:20]} 37. Nd3 {[%emt 0:00:15]} Rf8 {[%emt 0:04:51]} 38. Rxa5 {[%emt 0:00:27]} Kg8 {[%emt 0:01:09]} 39. Rb5 {[%emt 0:01:08]} Ra3 {[%emt 0:00:00]} 40. Nb2 {[%emt 0:00:00]} Rc8 {[%emt 0:00:00]} 41. Rd2 {[%emt 0:00:36]} Rc7 {[%emt 0:02:53]} 42. Rbd5 {[%emt 0:05:13]} Ra2 {[%emt 0:04:44]} 43. Rd8+ {[%emt 0:06:07]} Nf8 {[%emt 0:00:08]} 44. Nc4 {[%emt 0:08:30]} Rxd2+ {[%emt 0:05:54]} 45. Nxd2 {[%emt 0:00:02]} Rc2 {[%emt 0:01:34]} 46. Ke2 {[%emt 0:00:09]} Ra2 {[%emt 0:00:56]} 47. Rd4 {[%emt 0:00:43]} Ne6 {[%emt 0:00:17]} 48. Rb4 {[%emt 0:00:25]} Nc5 {[%emt 0:00:26]} 49. Rxf4 {[%emt 0:01:06]} Nb3 {[%emt 0:00:13]} 50. Rb4 {[%emt 0:08:35]} Nxd2 {[%emt 0:00:09]} 51. Ke1 {[%emt 0:00:16]} b6 {[%emt 0:02:36]} 52. h4 {[%emt 0:01:33]} Kg7 {[%emt 0:01:06]} 53. h5 {[%emt 0:00:55]} Kh6 {[%emt 0:04:35]} 54. Rxb6+ {[%emt 0:00:44]} Kxh5 {[%emt 0:00:06]} 55. Rb4 {[%emt 0:01:25]} Kg5 {[%emt 0:02:16]} 56. a5 {[%emt 0:00:07]} h5 {[%emt 0:00:44]} 57. a6 {[%emt 0:00:39]} Rxa6 {[%emt 0:00:23]} 58. Kxd2 {[%emt 0:00:14]} Ra2+ {[%emt 0:00:06]} 59. Ke3 {[%emt 0:00:03]} Rxg2 {[%emt 0:00:06]} 60. Rb8 {[%emt 0:00:15]} 1/2-1/2

[Event "73rd RUS-ch Higher League 2020"]
[Site "Sochi"]
[Date "2020.10.11"]
[Round "4.25"]
[White "Tugarin, Anton"]
[Black "Obgolts, Erik"]
[Result "0-1"]
[WhiteElo "2224"]
[BlackElo "2376"]
[Annotator "TA"]
[PlyCount "38"]
[EventDate "2020.10.08"]
[EventType "swiss"]
[EventCountry "RUS"]
[SourceTitle "playchess.com"]
[Source "ChessBase"]
[SourceQuality "1"]

{[%evp 9,38,15,0,-3,0,7,10,-1,-1,1,-4,-4,2,-12,2,-15,-13,-14,-14,-41,0,0,-10,-33,30,-37,-3,-36,-14,-516,-458]} 1. e4 c6 2. d4 d5 3. e5 c5 4. dxc5 e6 5. a3 Bxc5 6. b4 {B12: Caro-Kann: Advance Variation.} Be7 7. Qg4 g6 8. Bd3 {The position is equal.} a5 9. b5 Nd7 {[%cal Bb8d7,Bd7c5,Bc5d3][%mdl 32]} 10. Nf3 h5 11. Qf4 Nh6 {[#]} 12. Bb2 $146 ({Predecessor:} 12. O-O Nc5 13. Nc3 b6 14. Nd4 Bb7 15. Nc6 Bxc6 16. bxc6 Qc7 17. a4 Nf5 18. Ba3 Kf8 19. Rfd1 Qxc6 20. Bxf5 gxf5 {½-½ (20) Colin,S (2437)-Ruefenacht,M (2510) ICCF email 2016}) 12... a4 13. O-O Nc5 14. Nc3 Bd7 15. Rfe1 Nxd3 16. cxd3 Bc8 (16... g5 $15 17. Qd2 Rg8) 17. h4 ({Don't blunder} 17. Nxa4 $2 g5 $19) (17. Nd4 $11) 17... Nf5 18. g3 Ra5 19. Nd4 $2 {[%mdl 8192] [#]} (19. Ne2 $11 {and White is okay.}) 19... g5 $1 {Accuracy: White = 62%, Black = 76%.} 0-1

[Event "73rd RUS-ch Higher League 2020"]
[Site "Sochi"]
[Date "2020.10.12"]
[Round "5.1"]
[White "Fedoseev, Vladimir"]
[Black "Pridorozhni, Aleksei"]
[Result "1/2-1/2"]
[WhiteElo "2674"]
[BlackElo "2596"]
[Annotator "TA"]
[PlyCount "107"]
[EventDate "2020.10.08"]
[EventType "swiss"]
[EventCountry "RUS"]
[SourceTitle "playchess.com"]
[Source "ChessBase"]
[SourceQuality "1"]

{[%evp 12,107,9,14,26,24,35,18,60,65,66,65,72,0,0,0,0,0,0,0,0,0,0,0,0,-27,-22,-89,-81,-83,-93,-93,0,0,0,-84,0,0,0,0,0,0,0,0,0,0,0,0,0,0,0,0,0,0,0,0,0,0,0,0,0,0,0,0,0,0,0,0,0,0,0,0,0,0,0,0,0,0,0,0,0,0,0,0,0,0,0,0,0,0,0,0,0,0,0,0,0,0]} 1. e4 e5 2. Nf3 Nf6 3. Nxe5 d6 4. Nf3 Nxe4 5. Nc3 Nxc3 6. dxc3 Be7 7. Be3 Nc6 {C42: Petroff Defence: 3 Nxe5 and unusual White 3rd moves.} 8. Bd3 Be6 9. Qe2 Ne5 $5 {[%mdl 4] A promising side line.} 10. Nxe5 $1 dxe5 11. O-O-O {Hoping for Bb5+.} c6 {[#]} 12. g4 $146 (12. Rhe1 $16) ({Predecessor:} 12. Kb1 Qa5 13. Bc4 Bxc4 14. Qxc4 h5 15. Rhe1 Rd8 16. Rxd8+ Qxd8 17. f4 Rh6 18. fxe5 {½-½ (41) Cornette,M (2600)-Kveinys,A (2493) Brest 2018}) 12... Bxa2 $11 13. c4 Qa5 14. Qe1 Qa4 {And now ...f6 would win.} 15. Qc3 e4 $1 {[%cal Re4d3]} 16. Qxg7 O-O-O $1 17. Bxe4 Bxc4 {[%cal Ra4a1]} 18. Bf5+ Kb8 $1 {[%cal Ra4a1]} 19. b3 {[#]} (19. Qe5+ $11 Ka8 20. c3) 19... Qa2 $1 $17 {( -> ...Ba3+)} 20. Rd7 {Threatens to win with Qe5+.} Ba3+ 21. Kd2 Bb4+ 22. Kc1 Ba3+ 23. Kd2 $1 {[#]} Rxd7+ (23... Bxb3 $1 $17 24. Bxa7+ Kxa7) 24. Bxd7 $11 {The position is equal.} Bb4+ 25. Kc1 Rd8 26. Qe5+ Ka8 27. bxc4 Ba3+ 28. Kd2 {Ke2 is the strong threat.} Rxd7+ 29. Ke2 $1 {White wants to mate with Qe8+.} Qxc4+ 30. Kf3 {Intending Qe8+ and mate.} Be7 31. Bxa7 $1 {[%csl Ga7][%cal Re5b8]} Bd6 32. Qd4 Qxd4 33. Bxd4 {[%mdl 4096] Endgame KRB-KRB} b5 34. Be3 Kb7 35. Rd1 Kc7 36. h4 Be7 37. Ra1 Bxh4 38. Rh1 Be7 39. Rxh7 Bd6 40. Rh5 Re7 41. Rf5 b4 42. Ra5 Kd7 43. Bg5 Re1 44. Rf5 Ke8 45. Be3 Rb1 46. Ke4 b3 47. cxb3 Rxb3 48. Rf6 Rb4+ 49. Kf3 Ke7 50. Bg5 c5 51. Rg6+ Kd7 52. Rf6 Ke7 53. Rg6+ Kd7 54. Rf6 {Accuracy: White = 94%, Black = 95%.} 1/2-1/2

[Event "73rd RUS-ch Higher League 2020"]
[Site "Sochi"]
[Date "2020.10.12"]
[Round "5.2"]
[White "Chigaev, Maksim"]
[Black "Rakhmanov, Aleksandr"]
[Result "1-0"]
[WhiteElo "2598"]
[BlackElo "2646"]
[Annotator "TA"]
[PlyCount "85"]
[EventDate "2020.10.08"]
[EventType "swiss"]
[EventCountry "RUS"]
[SourceTitle "playchess.com"]
[Source "ChessBase"]
[SourceQuality "1"]

{[%evp 9,85,1,22,17,19,-14,65,46,89,86,101,98,79,72,91,105,99,94,94,66,72,67,81,72,64,33,93,105,104,95,110,106,107,85,127,112,118,102,118,112,118,111,138,133,131,126,173,147,155,163,138,155,197,208,279,206,341,318,483,478,438,465,594,591,584,581,566,563,559,559,1029,949,1739,1712,1320,1305,5014,2520]} 1. e4 e5 2. Nf3 Nf6 3. Nc3 Nc6 4. h3 Bb4 5. Nd5 Ba5 6. c3 {C47: Scotch Four Knights and Four Knights with 4 g3.} Nxe4 {[#]} 7. d4 $146 ({Predecessor:} 7. d3 Nd6 8. a4 Ne7 9. Bg5 f6 10. Bxf6 gxf6 11. Nxf6+ Kf7 12. Nh5 Nd5 13. b4 {1-0 (33) Nichols,S (2245)-Husemann,A (2084) LSS email 2011}) 7... Ne7 (7... d6 $11) 8. Qa4 {[#] Threatens to win with Nxe7.White is slightly better.} c6 9. Nxe7 Nxc3 10. bxc3 Bxc3+ 11. Bd2 Qxe7 12. Bxc3 exd4+ 13. Be2 dxc3 14. O-O O-O ({Not} 14... Qxe2 $2 15. Rfe1 $18) 15. Bd3 Qf6 16. Qb4 {And now Bxh7+! would win.} Rd8 17. Rfc1 a5 (17... b6 $14) 18. Qxc3 $16 {White stays focused until the end.} Qxc3 19. Rxc3 a4 20. a3 g6 21. Bc2 Ra7 22. Rd1 Re8 23. Rd6 Re6 24. Rd4 b5 25. Rd1 Ra8 26. Ng5 Re7 27. Ne4 Kg7 28. Nd6 Ba6 29. f4 Rb8 {intending ...b4.} 30. Rd4 f6 31. Kf2 Kf8 32. g4 Rg7 (32... Rb6 $142 33. Bd3 Re6) 33. h4 $18 Re7 (33... Ke7 {was called for.} 34. f5 Rf8 35. fxg6 hxg6) 34. f5 {White is clearly winning.} b4 35. axb4 a3 36. Rxa3 Re2+ 37. Kf3 Rxc2 38. Rxa6 Rc3+ 39. Kf4 Rh3 40. Ne4 Ke7 {[#]} 41. Ra7 $1 Rd8 42. Nc5 Rxh4 43. Nxd7 {Accuracy: White = 94%, Black = 43%.} 1-0

[Event "73rd RUS-ch Higher League 2020"]
[Site "Sochi"]
[Date "2020.10.12"]
[Round "5.3"]
[White "Goganov, Aleksey"]
[Black "Ponkratov, Pavel"]
[Result "1/2-1/2"]
[WhiteElo "2573"]
[BlackElo "2628"]
[Annotator "TA"]
[PlyCount "99"]
[EventDate "2020.10.08"]
[EventType "swiss"]
[EventCountry "RUS"]
[SourceTitle "playchess.com"]
[Source "ChessBase"]
[SourceQuality "1"]

{[%evp 21,99,14,21,14,14,25,23,21,108,25,31,17,12,-14,0,0,8,0,45,0,0,0,0,0,0,5,1,0,0,0,73,70,62,46,46,47,55,52,105,79,128,131,124,116,121,114,242,241,219,230,554,498,444,432,431,418,581,405,404,263,255,137,167,189,172,172,195,194,189,193,189,196,181,35,214,109,229,0,0,0]} 1. d4 Nf6 2. c4 g6 3. Nc3 d5 4. cxd5 Nxd5 5. e4 Nxc3 6. bxc3 Bg7 7. Nf3 c5 8. Be3 Qa5 9. Qd2 O-O 10. Rc1 Rd8 11. d5 e6 12. Bg5 {The main line 12.Bg5 scores better than 12.c4. D85: Exchange Grünfeld: Unusual White 7th moves and lines with 7 Nf3.} f6 13. Be3 Nc6 14. h4 {White has an edge.} Ne7 (14... Qa4 $11 {keeps the balance.}) 15. c4 (15. d6 $16 Qa4 16. h5) 15... Qxd2+ $11 {[#]} 16. Kxd2 $146 ({Predecessor:} 16. Nxd2 b6 17. Be2 h6 18. O-O f5 19. f3 Ba6 20. Rfe1 Kh7 21. Nb3 fxe4 22. fxe4 {1-0 (77) Vitenberg,N (2305)-Shahade,G (2476) chess.com INT 2020}) 16... b6 17. h5 g5 18. h6 Bf8 19. Bd3 (19. Ke1 {keeps more tension.} exd5 20. cxd5 Ng6 21. Nd2 Ne5 22. f3) 19... b5 (19... exd5 {is interesting.} 20. cxd5 Ng6 21. Ke1 Bd7 22. Nd2 Re8) 20. Bxc5 (20. d6 $5 {[%cal Rd6e7]} bxc4 21. Bxc4 $11 (21. dxe7 $2 Rxd3+ 22. Ke1 Bxe7 $19) (21. Bxc5 Nf5 $11) (21. Rxc4 Rxd6 22. Rc3 Ba6 $11)) 20... bxc4 21. Bxc4 {Hoping for Nd4.} Nxd5 $1 22. Bxd5 exd5 23. e5 g4 24. Nd4 {aiming for e6.} fxe5 25. Nc6 {[%mdl 64] Double Attack} Re8 (25... Bxc5 $11 {remains equal.} 26. Rxc5 Rf8) 26. Rh5 $16 a5 27. Bxf8 Rxf8 28. Rxe5 {Black must now prevent Ne7+.} Kh8 29. Ke3 Bf5 ({Black should try} 29... Ba6 $14) 30. Nd4 $36 {[%mdl 2048] Black is under strong pressure.} Be4 31. f3 gxf3 32. gxf3 Bg6 33. f4 a4 (33... Rab8 $16 34. Rxd5 a4) 34. f5 $18 Bf7 35. a3 Bg8 $2 {[#]} (35... Ra6 {is a better chance.} 36. Ne6 Rfa8) 36. Kf4 $1 Rab8 37. Rce1 Rbc8 38. Kg5 Bf7 39. Re7 Bg8 40. R1e3 Rb8 41. Ra7 (41. Ne6 $18 Bxe6 42. fxe6 (42. R7xe6 Rb1 $16)) 41... Rb1 42. Rxa4 Rg1+ 43. Kf4 Rh1 44. Ra6 Rh4+ 45. Ke5 Re8+ 46. Ne6 Rxh6 {[#]} 47. Kxd5 ({Better is} 47. a4 $1 $18) 47... Rh1 $2 (47... Rh5 $1 $14) 48. Ke5 (48. a4 $18) 48... Rb8 (48... Rh5 $16 49. Kf6 Rh6+ 50. Ke5 Rh5) 49. Ra7 $2 (49. a4 $18) 49... Rb5+ $11 50. Kf4 {Accuracy: White = 72%, Black = 51%.} 1/2-1/2